ا ر د و کا پہلا صا حب د يو ا ن شا عر (Record no. 170985)

MARC details
000 -LEADER
fixed length control field 00730nam a22001937a 4500
005 - DATE AND TIME OF LATEST TRANSACTION
control field 20200101121103.0
010 ## - LCCN (DPL NO)
LC control number 73312
020 ## - INTERNATIONAL STANDARD BOOK NUMBER
Terms of availability 100.00
International Standard Book Number -
035 ## - SYSTEM CONTROL NUMBER
System control number 73312
037 ## - SOURCE OF ACQUISITION
Source of stock number/acquisition BPPD
082 ## - DEWEY DECIMAL CLASSIFICATION NUMBER
Classification number 841
100 ## - MAIN ENTRY--PERSONAL NAME
Personal name صد ر ا لد ين محمد خا ن
245 ## - TITLE STATEMENT
Title ا ر د و کا پہلا صا حب د يو ا ن شا عر
Statement of responsibility, etc صد ر ا لد ين محمد خا ن
246 ## - VARYING FORM OF TITLE
Title proper/short title Urdu Ka Pehla Sahib Dewan Shair (Urdu)
Remainder of title by Nawab Sadaruddin Mohd.Khan
260 ## - PUBLICATION, DISTRIBUTION, ETC. (IMPRINT)
Place of publication, distribution, etc Delhi
Date of publication, distribution, etc 1946 ء
Name of publisher, distributor, etc Anjuman Taraqui Urdu
270 ## - ADDRESS
Address Anjuman Taraqui Urdu ( Hind)
City Delhi
Telephone number -
Postal code -
300 ## - PHYSICAL DESCRIPTION
Extent 242 ص
Dimensions 22 cm(hb)
942 ## - ADDED ENTRY ELEMENTS (KOHA)
Source of classification or shelving scheme Dewey Decimal Classification
Item type Urdu Bks
Classification part 841
Call number suffix ص د ر
Holdings
Withdrawn status Lost status Not for loan Collection code Home library Current library Date acquired Source of acquisition Cost, normal purchase price Full call number Barcode Copy number Cost, replacement price Koha item type
      Non-fiction Central Library Central Library 01/01/2020 BPPD/Ven. 0.00 841 ص د ر 73312 1 0.00 Urdu Bks

© Delhi Public Library
Hit Counter
free hit counter